| 000 | 00977nam0a2200253 4500 | ||
|---|---|---|---|
| 001 | RU\NLR\BIBL_A\011549626 | ||
| 005 | 20260406131731.0 | ||
| 035 | _a(NLR Aleph) 011549626 | ||
| 090 |
_a12237895 _c12237895 |
||
| 100 | _a20171207d1939 |||y0rusy50 ca | ||
| 101 | 0 | _achv | |
| 102 | _aRU | ||
| 105 | _ac z 000 y | ||
| 200 | 1 |
_aВКП(б) XVIII съездӗнче каланӑ сӑмах _e1939 ҫ. мартӑн 13-мӗшӗ _fН. Хрущёв |
|
| 210 |
_aШупашкар _cЧАССР гос. изд-ви _d1939 |
||
| 215 |
_a11,[1] с. _cпортр. _d22 |
||
| 541 | 1 |
_aРечь на XVIII съезде ВКП(б) _zrus |
|
| 601 | 1 | 2 |
_aКПСС _bСъезд _d18 _eМосква, город _f1939 _92414036 _3RU\NLR\AUTH\6601657121 |
| 686 | 1 | _aФ61(2)11 | |
| 700 | 1 |
_4070 _8rus _7ca _aХрущев _bН. С. _f1894-1971 _gНикита Сергеевич _3RU\NLR\AUTH\771599 _9111620 |
|
| 852 |
_aNLR _bОНЛ _jЧув./3-84 |
||
| 942 | _cBOOK | ||
| 980 | _aNB | ||